[Event "Victoria de Giron Cup tt"]
[Site "Matanzas"]
[Date "2018.10.05"]
[Round "8.2"]
[White "Borges Barroso, Yohan"]
[Black "Almirall Exposito, Pedro Antonio"]
[Result "1-0"]
[WhiteElo "2157"]
[BlackElo "2186"]
[PlyCount "123"]
[EventDate "2018.10.02"]
[EventType "team-tourn"]
[EventRounds "9"]
[EventCountry "CUB"]
[SourceTitle "EXT 2021"]
[Source "ChessBase"]
[SourceDate "2020.10.23"]
[SourceVersion "1"]
[SourceVersionDate "2020.10.23"]
[SourceQuality "1"]

1. Nf3 c5 2. g3 Nc6 3. d4 cxd4 4. Nxd4 g6 5. Bg2 Bg7 6. Nxc6 bxc6 7. 0-0 Nf6 8. c4 0-0 9. Nc3 Rb8 10. Qc2 d5 11. Rd1 Qc7 12. Qa4 Bd7 13. Qa3 e6 14. cxd5 Nxd5 15. Bd2 Rfc8 16. Rac1 Bf8 17. Qa4 c5 18. Qh4 Bc6 19. b3 Be7 20. Qh6 Bf8 21. Qh4 Be7 22. Qh6 Bf8 23. Qh3 Nxc3 24. Bxc3 Bxg2 25. Qxg2 Qb7 26. Be5 Qxg2+ 27. Kxg2 Rb4 28. Kf3 a5 29. Rd7 Ra8 30. Rc4 a4 31. Rxb4 cxb4 32. Bf6 axb3 33. axb3 Rb8 34. Ke4 Bg7 35. Rd8+ Rxd8 36. Bxd8 Kf8 37. Kd3 Ke8 38. Ba5 Kd7 39. Kc4 Kc6 40. Bxb4 h5 41. Bc5 h4 42. b4 Bf6 43. b5+ Kb7 44. g4 h3 45. Bd6 Bd8 46. e4 f5 47. exf5 exf5 48. gxf5 gxf5 49. f3 Bg5 50. Bc5 Bf4 51. Bg1 Kc7 52. Kd5 Kd7 53. b6 Bb8 54. b7 Ke7 55. Bc5+ Kd7 56. Bd4 Bxh2 57. Ba7 Ke7 58. b8Q Bxb8 59. Bxb8 Kf6 60. Bc7 Kg5 61. Bh2 Kh4 62. Ke6 1-0

[Event "Agosto de Victorias tt"]
[Site "Mayabeque"]
[Date "2018.08.08"]
[Round "9.1"]
[White "Borges Barroso, Yohan"]
[Black "Quesada Chow, Ismael Adan"]
[Result "1/2-1/2"]
[WhiteElo "2209"]
[BlackElo "2200"]
[PlyCount "150"]
[EventDate "2018.08.04"]
[EventType "team-tourn"]
[EventRounds "10"]
[EventCountry "CUB"]
[SourceTitle "EXT 2021"]
[Source "ChessBase"]
[SourceDate "2020.10.23"]
[SourceVersion "1"]
[SourceVersionDate "2020.10.23"]
[SourceQuality "1"]
[WhiteTeam "La Lisa"]
[BlackTeam "Villa Clara"]
[WhiteTeamCountry "CUB"]
[BlackTeamCountry "CUB"]

1. d4 Nf6 2. c4 g6 3. Nc3 Bg7 4. e4 d6 5. Nf3 0-0 6. Be2 e5 7. dxe5 dxe5 8. Qxd8 Rxd8 9. Bg5 Re8 10. Nd5 Nxd5 11. cxd5 c6 12. Bc4 cxd5 13. Bxd5 Nc6 14. 0-0-0 Bg4 15. Bxc6 Rac8 16. Kb1 Rxc6 17. Rc1 Rb6 18. Be3 Rb4 19. Nd2 Rd8 20. f3 Be6 21. Rhd1 f5 22. b3 Rd3 23. Bxa7 Bh6 24. exf5 Bxf5 25. Ne4 Bxe4 26. fxe4 Rxd1 27. Rxd1 Rxe4 28. Rf1 Re2 29. Rf2 Re1+ 30. Kc2 e4 31. g3 Rc1+ 32. Kb2 Rc6 33. Rc2 Re6 34. Bd4 b5 35. Re2 Bg5 36. b4 Kf7 37. Kb3 Ke7 38. a4 bxa4+ 39. Kxa4 Kd6 40. b5 Kd5 41. Ba7 e3 42. b6 Kc6 43. Kb3 Kb7 44. Kc2 Rd6 45. Kb1 h5 46. Kc2 Rd2+ 47. Kb1 Rd6 48. Kc2 Rd7 49. Kb1 Rd4 50. Kc2 Rd5 51. Kb1 Rd4 52. Kc2 h4 53. gxh4 Rxh4 54. Kd3 Ra4 55. Kc3 Bf4 56. Kd3 g5 57. Kc3 Kc6 58. Kd3 Kd5 59. Rb2 Ra3+ 60. Ke2 Bxh2 61. b7 Rxa7 62. b8Q Bxb8 63. Rxb8 Ra3 64. Rb5+ Ke4 65. Rxg5 Ra2+ 66. Ke1 Ra1+ 67. Ke2 Ra2+ 68. Ke1 Kf3 69. Rf5+ Kg3 70. Rf8 Rb2 71. Rf7 Ra2 72. Rf8 Rc2 73. Rf7 Rf2 74. Rxf2 exf2+ 75. Kf1 Kf3 1/2-1/2

[Event "Agosto de Victorias tt"]
[Site "Mayabeque"]
[Date "2018.08.07"]
[Round "7.2"]
[White "Gonzalez Gomez, Ronier"]
[Black "Borges Barroso, Yohan"]
[Result "1/2-1/2"]
[WhiteElo "2206"]
[BlackElo "2209"]
[PlyCount "21"]
[EventDate "2018.08.04"]
[EventType "team-tourn"]
[EventRounds "10"]
[EventCountry "CUB"]
[SourceTitle "EXT 2021"]
[Source "ChessBase"]
[SourceDate "2020.10.23"]
[SourceVersion "1"]
[SourceVersionDate "2020.10.23"]
[SourceQuality "1"]
[WhiteTeam "Las Tunas"]
[BlackTeam "La Lisa"]
[WhiteTeamCountry "CUB"]
[BlackTeamCountry "CUB"]

1. e4 e5 2. Nf3 Nc6 3. Bb5 a6 4. Ba4 Nf6 5. 0-0 b5 6. Bb3 Be7 7. Re1 0-0 8. c3 d6 9. h3 Bb7 10. d4 Na5 11. Bc2 1/2-1/2

[Event "Agosto de Victorias tt"]
[Site "Mayabeque"]
[Date "2018.08.06"]
[Round "6.2"]
[White "Borges Barroso, Yohan"]
[Black "Ramos Silvera, Roberto Alejandro"]
[Result "0-1"]
[WhiteElo "2209"]
[BlackElo "2166"]
[PlyCount "110"]
[EventDate "2018.08.04"]
[EventType "team-tourn"]
[EventRounds "10"]
[EventCountry "CUB"]
[SourceTitle "EXT 2021"]
[Source "ChessBase"]
[SourceDate "2020.10.23"]
[SourceVersion "1"]
[SourceVersionDate "2020.10.23"]
[SourceQuality "1"]
[WhiteTeam "La Lisa"]
[BlackTeam "Havana"]
[WhiteTeamCountry "CUB"]
[BlackTeamCountry "CUB"]

1. d4 Nf6 2. c4 e6 3. Nf3 d5 4. g3 Be7 5. Bg2 0-0 6. 0-0 dxc4 7. Qc2 c5 8. Rd1 Nc6 9. dxc5 Qa5 10. Qxc4 Qxc5 11. Na3 e5 12. Be3 Qa5 13. Qb5 Qxb5 14. Nxb5 Ng4 15. Bd2 e4 16. Nfd4 Nxd4 17. Nxd4 f5 18. Bc3 Bd7 19. h3 Nf6 20. e3 Rac8 21. Bf1 Nd5 22. Be1 Rfd8 23. Rac1 Nb6 24. Ba5 Bf6 25. h4 g6 26. b3 Rxc1 27. Rxc1 Rc8 28. Rxc8+ Nxc8 29. Bc4+ Kh8 30. Bc7 Ne7 31. Bd8 Kg7 32. Ne6+ Bxe6 33. Bxe6 Nc6 34. Bc7 Be5 35. Bxe5+ Nxe5 36. Bc8 b5 37. b4 Nd3 38. a3 Ne1 39. Ba6 Nc2 40. Bxb5 Nxa3 41. Be2 Nc2 42. b5 Kf6 43. Kf1 Ke5 44. Bd1 Na3 45. Ba4 Kd6 46. Ke1 Kc5 47. Bb3 Nc4 48. Ke2 Kxb5 49. f3 exf3+ 50. Kf2 Kb4 51. Ba2 Ne5 52. Bg8 h5 53. Bd5 a5 54. e4 fxe4 55. Bxe4 a4 0-1

[Event "Agosto de Victorias tt"]
[Site "Mayabeque"]
[Date "2018.08.04"]
[Round "1.2"]
[White "Ramos Silvera, Roberto Alejandro"]
[Black "Borges Barroso, Yohan"]
[Result "1-0"]
[WhiteElo "2166"]
[BlackElo "2209"]
[PlyCount "61"]
[EventDate "2018.08.04"]
[EventType "team-tourn"]
[EventRounds "10"]
[EventCountry "CUB"]
[SourceTitle "EXT 2021"]
[Source "ChessBase"]
[SourceDate "2020.10.23"]
[SourceVersion "1"]
[SourceVersionDate "2020.10.23"]
[SourceQuality "1"]
[WhiteTeam "Havana"]
[BlackTeam "La Lisa"]
[WhiteTeamCountry "CUB"]
[BlackTeamCountry "CUB"]

1. e4 d5 2. exd5 Nf6 3. d4 Bg4 4. Nf3 Qxd5 5. Be2 Nc6 6. 0-0 0-0-0 7. c3 Qh5 8. h3 e5 9. hxg4 Nxg4 10. Bg5 e4 11. Nh4 Qxg5 12. Bxg4+ Kb8 13. g3 g6 14. Be2 f5 15. Nd2 Bh6 16. Nb3 f4 17. Nc5 fxg3 18. Ng2 Rde8 19. Bb5 e3 20. fxe3 Bf8 21. Bxc6 Bxc5 22. Bxe8 Qh6 23. Nh4 Qxh4 24. Qe2 Bd6 25. Bf7 h5 26. e4 Bf4 27. Rxf4 Qxf4 28. Rf1 Qh6 29. e5 Qg5 30. e6 Qe7 31. Qe5 1-0

[Event "Guillermo Garcia Memorial op 27th"]
[Site "Santa Clara"]
[Date "2018.05.31"]
[Round "9"]
[White "Borges Barroso, Yohan"]
[Black "Martinez Ramirez, Lennis"]
[Result "0-1"]
[WhiteElo "2154"]
[BlackElo "2393"]
[PlyCount "100"]
[EventDate "2018.05.22"]
[EventType "swiss"]
[EventRounds "9"]
[EventCountry "CUB"]
[SourceTitle "CBM 184 Extra"]
[Source "ChessBase"]
[SourceDate "2018.06.28"]
[SourceVersion "1"]
[SourceVersionDate "2018.06.28"]
[SourceQuality "1"]

1. Nf3 d5 2. d4 c6 3. c4 Nf6 4. Nc3 dxc4 5. e4 b5 6. e5 Nd5 7. a4 e6 8. axb5 Bb4 9. Bd2 Bxc3 10. bxc3 cxb5 11. Ng5 f6 12. Ne4 0-0 13. exf6 Nxf6 14. Bg5 Nbd7 15. Be2 Bb7 16. Bf3 Bd5 17. 0-0 a5 18. Re1 b4 19. Bxf6 Nxf6 20. Nc5 Re8 21. Re5 b3 22. Qe2 Qc8 23. Nxe6 Rxe6 24. Rxe6 Qxe6 25. Qxe6+ Bxe6 26. Bxa8 Bf5 27. Rxa5 b2 28. Rb5 b1Q+ 29. Rxb1 Bxb1 30. f3 Kf7 31. Kf2 Ke6 32. Ke3 Bg6 33. g4 Kd6 34. Bb7 Bf7 35. Be4 Nd5+ 36. Bxd5 Bxd5 37. Kf4 Ke6 38. h4 Kf6 39. Kg3 Ke6 40. Kf4 Kd6 41. Ke3 Kc6 42. f4 h5 43. gxh5 Kd6 44. f5 Ke7 45. Kf4 Kf6 46. Kg4 Bc6 47. Kf4 Bg2 48. Kg3 Be4 49. Kf4 Bxf5 50. Kf3 Bd3 0-1

[Event "Guillermo Garcia Memorial op 27th"]
[Site "Santa Clara"]
[Date "2018.05.28"]
[Round "6"]
[White "Borges Barroso, Yohan"]
[Black "Gutierrez Delgado, Yusuan Alfredo"]
[Result "1-0"]
[WhiteElo "2154"]
[BlackElo "2304"]
[PlyCount "97"]
[EventDate "2018.05.22"]
[EventType "swiss"]
[EventRounds "9"]
[EventCountry "CUB"]
[SourceTitle "CBM 184 Extra"]
[Source "ChessBase"]
[SourceDate "2018.06.28"]
[SourceVersion "1"]
[SourceVersionDate "2018.06.28"]
[SourceQuality "1"]

1. d4 Nf6 2. c4 e6 3. Nf3 b6 4. g3 Bb7 5. Bg2 Be7 6. 0-0 0-0 7. Nc3 Ne4 8. Nxe4 Bxe4 9. Bf4 d6 10. Qd2 Nd7 11. Rfd1 Qc8 12. Rac1 Qb7 13. h4 Rad8 14. d5 e5 15. Be3 Nf6 16. Bh3 c6 17. Bg5 Bg6 18. b4 Rfe8 19. a4 c5 20. Qb2 cxb4 21. Qxb4 Ne4 22. Be3 Nc5 23. a5 h6 24. Rd2 f5 25. Ra2 Bf6 26. axb6 axb6 27. Qb1 Rf8 28. Bxc5 dxc5 29. Bxf5 Bxf5 30. Qxf5 Rfe8 31. Nd2 e4 32. Nxe4 Bd4 33. e3 Re5 34. Qg6 Qe7 35. Nd2 Bxe3 36. fxe3 Rxe3 37. Nf1 Rf8 38. Rcc2 Re1 39. Rf2 Qe3 40. Kg2 Rxf2+ 41. Rxf2 Qe4+ 42. Qxe4 Rxe4 43. d6 Rd4 44. Rd2 Kf7 45. Rxd4 cxd4 46. Kf3 Ke6 47. Ke4 Kxd6 48. Kxd4 Ke6 49. Ne3 1-0